000 00719nam a2200289Ia 4500
005 20260324124009.0
008 008 260324s9999 xx 000 0 eng d
020 _a9780203846230
037 _aEBOOK
040 _aCRL
040 _beng
040 _cCRL
041 _2eng
041 _aeng
084 _qCRL
100 _aMartin van Bruinessen; Stefano Allievi
_91172450
245 0 _aProducing Islamic Knowledge
245 0 _bTransmission and dissemination in Western Europe
260 _bTaylor and Francis
260 _c2011
365 _a
365 _b255
856 _uhttp://www.taylorfrancis.com/books/9780203846230
942 _cEBOOK
999 _c1766454
_d1766454